[Event "English Schools Championship Final 2024"]
[Site "Nottingham University Kings Meadow Campus, United Kingdom"]
[Date "2024.06.28"]
[Round "4.65"]
[White "Pylypenko, Danylo"]
[Black "Schwager, Ziggy"]
[Result "0-1"]
[TimeControl "G50' + 10\" per move."]
[BlackFideId "343414478"]
[WhiteElo "1511"]
[BlackElo "1357"]

1. d4 {[%clk 00:50:19]} {[%emt 00:00:01]} d5 {[%clk 00:50:09]} {[%emt
00:00:11]} 2. Bf4 {[%clk 00:50:24]} {[%emt 00:00:05]} Bf5 {[%clk 00:49:27]}
{[%emt 00:00:53]} 3. e3 {[%clk 00:50:17]} {[%emt 00:00:16]} a6 {[%clk
00:48:58]} {[%emt 00:00:39]} 4. c4 {[%clk 00:49:31]} {[%emt 00:00:55]} e6
{[%clk 00:48:50]} {[%emt 00:00:18]} 5. a3 {[%clk 00:49:08]} {[%emt 00:00:34]}
Nd7 {[%clk 00:46:55]} {[%emt 00:02:05]} 6. Nc3 {[%clk 00:49:07]} {[%emt
00:00:11]} Ngf6 {[%clk 00:45:20]} {[%emt 00:01:45]} 7. Qb3 {[%clk 00:43:22]}
{[%emt 00:05:55]} dxc4 {[%clk 00:33:21]} {[%emt 00:12:08]} 8. Qxc4 {[%clk
00:39:02]} {[%emt 00:04:29]} Rc8 {[%clk 00:31:57]} {[%emt 00:01:35]} 9. Nge2
{[%clk 00:36:16]} {[%emt 00:02:54]} Nb6 {[%clk 00:26:28]} {[%emt 00:05:40]} 10.
Qb3 {[%clk 00:35:36]} {[%emt 00:00:52]} Bd6 {[%clk 00:22:53]} {[%emt 00:03:45]}
11. Bg5 {[%clk 00:34:05]} {[%emt 00:01:40]} e5 {[%clk 00:19:17]} {[%emt
00:03:47]} 12. Rd1 {[%clk 00:30:37]} {[%emt 00:03:37]} Qe7 {[%clk 00:16:14]}
{[%emt 00:03:13]} 13. g3 {[%clk 00:25:32]} {[%emt 00:05:15]} h6 {[%clk
00:13:36]} {[%emt 00:02:49]} 14. Bxf6 {[%clk 00:25:11]} {[%emt 00:00:29]} Qxf6
{[%clk 00:13:24]} {[%emt 00:00:23]} 15. dxe5 {[%clk 00:22:54]} {[%emt
00:02:27]} Bxe5 {[%clk 00:12:02]} {[%emt 00:01:33]} 16. Bg2 {[%clk 00:22:12]}
{[%emt 00:00:51]} Be6 {[%clk 00:09:38]} {[%emt 00:02:34]} 17. Qc2 {[%clk
00:21:03]} {[%emt 00:01:18]} c6 {[%clk 00:09:16]} {[%emt 00:00:33]} 18. O-O
{[%clk 00:20:28]} {[%emt 00:00:45]} O-O {[%clk 00:09:00]} {[%emt 00:00:27]} 19.
Ne4 {[%clk 00:17:00]} {[%emt 00:03:37]} Qg6 {[%clk 00:07:33]} {[%emt 00:01:38]}
20. Rc1 {[%clk 00:13:13]} {[%emt 00:03:57]} Bg4 {[%clk 00:06:07]} {[%emt
00:01:35]} 21. f3 {[%clk 00:12:31]} {[%emt 00:00:52]} Bf5 {[%clk 00:04:17]}
{[%emt 00:02:00]} 22. Qc5 {[%clk 00:11:46]} {[%emt 00:00:55]} Bxe4 {[%clk
00:03:30]} {[%emt 00:00:57]} 23. Qxe5 {[%clk 00:10:12]} {[%emt 00:01:44]} Bd3
{[%clk 00:03:05]} {[%emt 00:00:34]} 24. Nf4 {[%clk 00:09:32]} {[%emt 00:00:51]}
Qf5 {[%clk 00:02:25]} {[%emt 00:00:51]} 25. Nxd3 {[%clk 00:09:34]} {[%emt
00:00:07]} Qxd3 {[%clk 00:02:28]} {[%emt 00:00:06]} 26. Rfd1 {[%clk 00:08:13]}
{[%emt 00:01:29]} Qb3 {[%clk 00:02:27]} {[%emt 00:00:10]} 27. f4 {[%clk
00:07:03]} {[%emt 00:01:25]} Nc4 {[%clk 00:01:53]} {[%emt 00:00:44]} 28. Rc3
{[%clk 00:05:02]} {[%emt 00:02:10]} Qxd1+ {[%clk 00:01:45]} {[%emt 00:00:18]}
29. Bf1 {[%clk 00:04:46]} {[%emt 00:00:26]} Nd2 {[%clk 00:01:43]} {[%emt
00:00:12]} 30. Rc1 {[%clk 00:03:11]} {[%emt 00:01:45]} Qxc1 {[%clk 00:01:50]}
{[%emt 00:00:03]} 0-1

[Event "English Schools Championship Final 2024"]
[Site "Nottingham University Kings Meadow Campus, United Kingdom"]
[Date "2024.06.28"]
[Round "4.67"]
[White "Misra, Advay"]
[Black "Nayak, Varun"]
[Result "0-1"]
[TimeControl "G50' + 10\" per move."]
[WhiteFideId "343436161"]
[BlackFideId "343440843"]
[WhiteElo "1533"]
[BlackElo "1833"]

1. e4 {[%clk 00:50:16]} {[%emt 00:00:03]} e6 {[%clk 00:50:19]} 2. d4 {[%clk
00:50:20]} {[%emt 00:00:06]} d5 {[%clk 00:50:28]} {[%emt 00:00:02]} 3. Nc3
{[%clk 00:50:23]} {[%emt 00:00:07]} dxe4 {[%clk 00:50:36]} {[%emt 00:00:01]} 4.
Nxe4 {[%clk 00:50:25]} {[%emt 00:00:08]} Nd7 {[%clk 00:50:39]} {[%emt
00:00:08]} 5. Nf3 {[%clk 00:49:59]} {[%emt 00:00:36]} Ngf6 {[%clk 00:50:43]}
{[%emt 00:00:06]} 6. Nxf6+ {[%clk 00:49:34]} {[%emt 00:00:34]} Nxf6 {[%clk
00:50:45]} {[%emt 00:00:08]} 7. c3 {[%clk 00:49:40]} {[%emt 00:00:04]} c5
{[%clk 00:50:37]} {[%emt 00:00:18]} 8. Be3 {[%clk 00:49:36]} {[%emt 00:00:14]}
Qb6 {[%clk 00:50:38]} {[%emt 00:00:09]} 9. Qc2 {[%clk 00:48:39]} {[%emt
00:01:07]} Bd7 {[%clk 00:50:36]} {[%emt 00:00:12]} 10. Be2 {[%clk 00:47:51]}
{[%emt 00:00:59]} Be7 {[%clk 00:50:39]} {[%emt 00:00:06]} 11. O-O {[%clk
00:47:25]} {[%emt 00:00:36]} O-O {[%clk 00:50:44]} {[%emt 00:00:06]} 12. Rad1
{[%clk 00:45:38]} {[%emt 00:01:57]} Bc6 {[%clk 00:49:53]} {[%emt 00:01:00]} 13.
Nd2 {[%clk 00:44:21]} {[%emt 00:01:27]} cxd4 {[%clk 00:49:30]} {[%emt
00:00:34]} 14. Bxd4 {[%clk 00:44:06]} {[%emt 00:00:25]} Qc7 {[%clk 00:49:36]}
{[%emt 00:00:03]} 15. Bd3 {[%clk 00:43:06]} {[%emt 00:01:10]} h6 {[%clk
00:49:36]} {[%emt 00:00:11]} 16. Rfe1 {[%clk 00:42:20]} {[%emt 00:00:56]} Rac8
{[%clk 00:49:16]} {[%emt 00:00:30]} 17. Be5 {[%clk 00:41:10]} {[%emt 00:01:19]}
Bd6 {[%clk 00:46:38]} {[%emt 00:02:48]} 18. Bxd6 {[%clk 00:40:23]} {[%emt
00:00:57]} Qxd6 {[%clk 00:46:33]} {[%emt 00:00:15]} 19. Nc4 {[%clk 00:39:20]}
{[%emt 00:01:14]} Qc7 {[%clk 00:45:48]} {[%emt 00:00:54]} 20. Ne5 {[%clk
00:37:36]} {[%emt 00:01:54]} Rfd8 {[%clk 00:44:48]} {[%emt 00:01:10]} 21. Nxc6
{[%clk 00:36:17]} {[%emt 00:01:29]} Qxc6 {[%clk 00:44:22]} {[%emt 00:00:37]} 22.
Be2 {[%clk 00:36:15]} {[%emt 00:00:12]} Qe4 {[%clk 00:43:04]} {[%emt 00:01:27]}
23. Qxe4 {[%clk 00:34:30]} {[%emt 00:01:55]} Nxe4 {[%clk 00:42:11]} {[%emt
00:01:04]} 24. Bf3 {[%clk 00:33:20]} {[%emt 00:01:20]} Nd2 {[%clk 00:40:40]}
{[%emt 00:01:41]} 25. Bg4 {[%clk 00:31:58]} {[%emt 00:01:32]} f5 {[%clk
00:37:54]} {[%emt 00:02:56]} 26. Bh5 {[%clk 00:30:23]} {[%emt 00:01:44]} Rd6
{[%clk 00:35:05]} {[%emt 00:02:59]} 27. Kh1 {[%clk 00:27:21]} {[%emt 00:03:13]}
Rcd8 {[%clk 00:34:22]} {[%emt 00:00:54]} 28. g3 {[%clk 00:25:21]} {[%emt
00:02:08]} Ne4 {[%clk 00:34:09]} {[%emt 00:00:23]} 29. Rxd6 {[%clk 00:24:14]}
{[%emt 00:01:18]} Rxd6 {[%clk 00:34:10]} {[%emt 00:00:09]} 30. Kg2 {[%clk
00:24:11]} {[%emt 00:00:13]} Rd2 {[%clk 00:34:17]} {[%emt 00:00:02]} 31. Re2
{[%clk 00:24:04]} {[%emt 00:00:17]} Rxe2 {[%clk 00:33:20]} {[%emt 00:01:08]} 32.
Bxe2 {[%clk 00:24:07]} {[%emt 00:00:07]} Kf7 {[%clk 00:33:05]} {[%emt
00:00:25]} 33. Bf3 {[%clk 00:23:49]} {[%emt 00:00:27]} Nd6 {[%clk 00:32:56]}
{[%emt 00:00:20]} 34. b3 {[%clk 00:22:13]} {[%emt 00:01:45]} b6 {[%emt
00:00:03]} 35. Be2 {[%clk 00:21:42]} {[%emt 00:00:39]} e5 {[%clk 00:32:30]}
{[%emt 00:00:46]} 36. c4 {[%clk 00:19:32]} {[%emt 00:02:20]} Ke6 {[%clk
00:31:07]} {[%emt 00:01:32]} 37. Kf3 {[%clk 00:18:05]} {[%emt 00:01:36]} Ne4
{[%clk 00:30:50]} {[%emt 00:00:28]} 38. Bd3 {[%clk 00:17:00]} {[%emt 00:01:15]}
Nc3 {[%clk 00:30:59]} {[%emt 00:00:02]} 39. Ke3 {[%clk 00:16:21]} {[%emt
00:00:49]} Nxa2 {[%clk 00:31:01]} {[%emt 00:00:07]} 40. Bb1 {[%clk 00:15:11]}
{[%emt 00:01:20]} Nb4 {[%clk 00:30:57]} {[%emt 00:00:15]} 41. Kd2 {[%clk
00:14:53]} {[%emt 00:00:27]} g5 {[%clk 00:30:57]} {[%emt 00:00:11]} 42. Kc3
{[%clk 00:14:55]} {[%emt 00:00:06]} Nc6 {[%clk 00:31:05]} {[%emt 00:00:04]} 43.
b4 {[%clk 00:14:03]} {[%emt 00:01:02]} Nd4 {[%clk 00:30:30]} {[%emt 00:00:46]}
44. Ba2 {[%clk 00:12:50]} {[%emt 00:01:22]} Kd6 {[%clk 00:30:30]} {[%emt
00:00:08]} 45. Bb1 {[%clk 00:10:55]} {[%emt 00:02:06]} a5 {[%clk 00:30:24]}
{[%emt 00:00:16]} 46. bxa5 {[%clk 00:08:38]} {[%emt 00:02:26]} bxa5 {[%clk
00:30:32]} {[%emt 00:00:03]} 47. f4 {[%clk 00:08:32]} {[%emt 00:00:16]} gxf4
{[%clk 00:30:28]} {[%emt 00:00:15]} 48. gxf4 {[%clk 00:08:27]} {[%emt
00:00:15]} Ne2+ {[%clk 00:30:34]} {[%emt 00:00:03]} 49. Kd2 {[%clk 00:08:06]}
{[%emt 00:00:31]} Nxf4 {[%clk 00:28:21]} {[%emt 00:02:23]} 50. Bxf5 {[%clk
00:08:08]} {[%emt 00:00:08]} Kc5 {[%clk 00:27:52]} {[%emt 00:00:39]} 51. Kc3
{[%clk 00:06:53]} {[%emt 00:01:26]} Ne2+ {[%clk 00:27:39]} {[%emt 00:00:22]} 52.
Kd3 {[%clk 00:06:53]} {[%emt 00:00:06]} Nd4 {[%clk 00:27:41]} {[%emt 00:00:11]}
53. Bd7 {[%clk 00:06:02]} {[%emt 00:01:02]} Nf3 {[%clk 00:26:45]} {[%emt
00:01:07]} 54. h3 {[%clk 00:05:46]} {[%emt 00:00:25]} Ng5 {[%clk 00:26:53]}
{[%emt 00:00:02]} 55. Kc3 {[%clk 00:03:39]} {[%emt 00:02:18]} Ne4+ {[%clk
00:26:33]} {[%emt 00:00:29]} 56. Kd3 {[%clk 00:03:27]} {[%emt 00:00:23]} Nd6
{[%clk 00:26:37]} {[%emt 00:00:06]} 57. Be6 {[%clk 00:02:51]} {[%emt 00:00:45]}
Kb4 {[%clk 00:26:40]} {[%emt 00:00:07]} 58. h4 {[%clk 00:02:19]} {[%emt
00:00:43]} a4 {[%clk 00:26:42]} {[%emt 00:00:08]} 59. h5 {[%clk 00:01:07]}
{[%emt 00:01:21]} a3 {[%clk 00:26:31]} {[%emt 00:00:22]} 60. c5 {[%clk
00:00:46]} {[%emt 00:00:31]} Kxc5 {[%clk 00:26:38]} {[%emt 00:00:02]} 61. Kc3
{[%emt 00:00:05]} Nb5+ {[%clk 00:26:33]} {[%emt 00:00:13]} 62. Kb3 {[%clk
00:01:02]} {[%emt 00:00:02]} Nd4+ {[%clk 00:26:40]} {[%emt 00:00:08]} 0-1

[Event "English Schools Championship Final 2024"]
[Site "Nottingham University Kings Meadow Campus, United Kingdom"]
[Date "2024.06.28"]
[Round "4.68"]
[White "Khan, Leo"]
[Black "Mussa, Rayyan"]
[Result "1/2-1/2"]
[TimeControl "G50' + 10\" per move."]
[WhiteFideId "343440711"]
[BlackFideId "343422225"]
[WhiteElo "1622"]
[BlackElo "1599"]

1. e4 {[%clk 00:50:19]} c5 {[%clk 00:50:13]} {[%emt 00:00:08]} 2. Nc3 {[%clk
00:50:20]} {[%emt 00:00:08]} Nc6 {[%clk 00:50:09]} {[%emt 00:00:13]} 3. f4
{[%clk 00:50:16]} {[%emt 00:00:15]} e6 {[%clk 00:50:07]} {[%emt 00:00:12]} 4.
Nf3 {[%clk 00:50:16]} {[%emt 00:00:11]} Nge7 {[%clk 00:49:55]} {[%emt
00:00:21]} 5. Bb5 {[%clk 00:49:53]} {[%emt 00:00:32]} g6 {[%clk 00:49:54]}
{[%emt 00:00:13]} 6. O-O {[%clk 00:49:20]} {[%emt 00:00:43]} Bg7 {[%clk
00:49:50]} {[%emt 00:00:14]} 7. Ne2 {[%clk 00:45:27]} {[%emt 00:04:02]} a6
{[%clk 00:47:36]} {[%emt 00:02:24]} 8. Bxc6 {[%clk 00:45:02]} {[%emt 00:00:35]}
bxc6 {[%clk 00:47:32]} {[%emt 00:00:13]} 9. Qe1 {[%clk 00:43:22]} {[%emt
00:01:51]} d5 {[%clk 00:47:26]} {[%emt 00:00:16]} 10. e5 {[%clk 00:43:17]}
{[%emt 00:00:15]} O-O {[%clk 00:46:23]} {[%emt 00:01:14]} 11. c3 {[%clk
00:43:13]} {[%emt 00:00:14]} h5 {[%clk 00:44:44]} {[%emt 00:01:49]} 12. d4
{[%clk 00:41:57]} {[%emt 00:01:26]} cxd4 {[%clk 00:44:25]} {[%emt 00:00:28]} 13.
Nexd4 {[%clk 00:41:24]} {[%emt 00:00:43]} c5 {[%clk 00:42:52]} {[%emt
00:01:44]} 14. Nb3 {[%clk 00:41:07]} {[%emt 00:00:26]} Qc7 {[%clk 00:42:13]}
{[%emt 00:00:48]} 15. Be3 {[%clk 00:40:23]} {[%emt 00:00:55]} c4 {[%clk
00:41:38]} {[%emt 00:00:46]} 16. Nbd4 {[%clk 00:39:52]} {[%emt 00:00:41]} Nf5
{[%clk 00:41:13]} {[%emt 00:00:35]} 17. Nxf5 {[%clk 00:38:24]} {[%emt
00:01:38]} exf5 {[%clk 00:40:48]} {[%emt 00:00:34]} 18. Rd1 {[%clk 00:37:11]}
{[%emt 00:01:24]} Be6 {[%clk 00:39:42]} {[%emt 00:01:16]} 19. Qf2 {[%clk
00:32:29]} {[%emt 00:04:52]} Rab8 {[%clk 00:36:20]} {[%emt 00:03:27]} 20. Bc5
{[%clk 00:32:07]} {[%emt 00:00:36]} Rfd8 {[%clk 00:35:59]} {[%emt 00:00:31]} 21.
Bd6 {[%clk 00:32:01]} {[%emt 00:00:16]} Rxd6 {[%clk 00:36:05]} {[%emt
00:00:03]} 22. exd6 {[%clk 00:32:00]} {[%emt 00:00:12]} Qxd6 {[%clk 00:36:02]}
{[%emt 00:00:13]} 23. Qd2 {[%clk 00:28:17]} {[%emt 00:03:53]} Qb6+ {[%clk
00:35:12]} {[%emt 00:01:00]} 24. Rf2 {[%clk 00:28:03]} {[%emt 00:00:25]} Qa5
{[%clk 00:33:49]} {[%emt 00:01:32]} 25. a3 {[%clk 00:24:35]} {[%emt 00:03:39]}
Rd8 {[%clk 00:33:27]} {[%emt 00:00:32]} 26. Ne5 {[%clk 00:21:49]} {[%emt
00:02:55]} Qc7 {[%clk 00:32:05]} {[%emt 00:01:31]} 27. Re2 {[%clk 00:17:21]}
{[%emt 00:04:39]} Bc8 {[%clk 00:28:27]} {[%emt 00:03:48]} 28. Qe1 {[%clk
00:13:31]} {[%emt 00:04:01]} Bb7 {[%clk 00:27:48]} {[%emt 00:00:47]} 29. Qh4
{[%clk 00:11:29]} {[%emt 00:02:13]} Qb6+ {[%clk 00:27:25]} {[%emt 00:00:33]} 30.
Kh1 {[%clk 00:10:46]} {[%emt 00:00:54]} Bf6 {[%clk 00:27:14]} {[%emt 00:00:20]}
31. Qf2 {[%clk 00:09:15]} {[%emt 00:01:41]} 1/2-1/2

[Event "English Schools Championship Final 2024"]
[Site "Nottingham University Kings Meadow Campus, United Kingdom"]
[Date "2024.06.28"]
[Round "4.69"]
[White "Wu, Nathaniel"]
[Black "Howarth, Chevy"]
[Result "1/2-1/2"]
[TimeControl "G50' + 10\" per move."]
[WhiteFideId "343449000"]
[WhiteElo "1447"]
[BlackElo "1611"]

1. e4 {[%clk 00:50:19]} {[%emt 00:00:47]} c6 {[%clk 00:50:17]} {[%emt
00:00:03]} 2. d4 {[%clk 00:50:24]} {[%emt 00:00:05]} d5 {[%clk 00:50:21]}
{[%emt 00:00:05]} 3. e5 {[%clk 00:50:31]} {[%emt 00:00:03]} c5 {[%clk
00:50:28]} {[%emt 00:00:05]} 4. c3 {[%clk 00:50:34]} {[%emt 00:00:06]} cxd4
{[%clk 00:50:17]} {[%emt 00:00:19]} 5. cxd4 {[%clk 00:50:38]} {[%emt 00:00:07]}
Nc6 {[%clk 00:50:23]} {[%emt 00:00:05]} 6. Nf3 {[%clk 00:50:25]} {[%emt
00:00:22]} Bg4 {[%clk 00:50:24]} {[%emt 00:00:09]} 7. Be2 {[%clk 00:50:06]}
{[%emt 00:00:29]} e6 {[%clk 00:50:29]} {[%emt 00:00:06]} 8. Be3 {[%clk
00:47:22]} {[%emt 00:02:52]} Nge7 {[%clk 00:50:27]} {[%emt 00:00:12]} 9. Nc3
{[%clk 00:47:01]} {[%emt 00:00:30]} a6 {[%clk 00:50:28]} {[%emt 00:00:11]} 10.
O-O {[%clk 00:44:30]} {[%emt 00:02:41]} Nf5 {[%clk 00:50:26]} {[%emt 00:00:11]}
11. Rc1 {[%clk 00:41:59]} {[%emt 00:02:41]} Be7 {[%clk 00:50:12]} {[%emt
00:00:25]} 12. Qb3 {[%clk 00:37:33]} {[%emt 00:04:35]} b5 {[%clk 00:48:26]}
{[%emt 00:01:57]} 13. Nxb5 {[%clk 00:36:51]} {[%emt 00:00:52]} Na5 {[%clk
00:46:59]} {[%emt 00:01:37]} 14. Nc7+ {[%clk 00:35:26]} {[%emt 00:01:35]} Qxc7
{[%clk 00:46:45]} {[%emt 00:00:24]} 15. Rxc7 {[%clk 00:32:18]} Nxb3 {[%clk
00:46:44]} {[%emt 00:03:28]} 16. axb3 {[%clk 00:32:14]} {[%emt 00:00:15]} O-O
{[%clk 00:46:17]} {[%emt 00:00:37]} 17. Rfc1 {[%clk 00:31:30]} {[%emt
00:00:49]} a5 {[%clk 00:45:39]} {[%emt 00:00:53]} 18. h3 {[%clk 00:30:22]}
{[%emt 00:01:18]} Bxf3 {[%clk 00:45:46]} {[%emt 00:00:03]} 19. Bxf3 {[%clk
00:30:29]} {[%emt 00:00:02]} Bb4 {[%clk 00:45:25]} {[%emt 00:00:33]} 20. Bh5
{[%clk 00:26:58]} {[%emt 00:02:26]} g6 {[%clk 00:45:10]} {[%emt 00:01:39]} 21.
Bg4 {[%clk 00:23:53]} {[%emt 00:03:14]} Nxe3 {[%clk 00:45:08]} {[%emt
00:00:13]} 22. fxe3 {[%clk 00:23:53]} {[%emt 00:00:10]} Bd2 {[%clk 00:44:54]}
{[%emt 00:00:24]} 23. Rf1 {[%clk 00:20:39]} {[%emt 00:03:20]} Bxe3+ {[%clk
00:44:41]} {[%emt 00:00:27]} 24. Kh1 {[%clk 00:20:44]} {[%emt 00:00:02]} Bxd4
{[%clk 00:44:20]} {[%emt 00:00:34]} 25. Rfxf7 {[%clk 00:20:38]} {[%emt
00:00:16]} Rxf7 {[%clk 00:43:54]} {[%emt 00:00:35]} 26. Bxe6 {[%clk 00:20:43]}
{[%emt 00:00:05]} Raf8 {[%clk 00:43:38]} {[%emt 00:00:27]} 27. Bxd5 {[%clk
00:20:25]} {[%emt 00:00:26]} Bxe5 {[%clk 00:42:35]} {[%emt 00:01:14]} 28. Rc5
{[%clk 00:18:23]} {[%emt 00:02:13]} Kg7 {[%clk 00:42:34]} {[%emt 00:00:11]} 29.
Bxf7 {[%clk 00:18:15]} {[%emt 00:00:18]} Rxf7 {[%clk 00:42:10]} {[%emt
00:00:34]} 30. Rxe5 {[%clk 00:18:23]} {[%emt 00:00:02]} Rb7 {[%clk 00:42:04]}
{[%emt 00:00:16]} 31. Re3 {[%clk 00:17:31]} {[%emt 00:01:02]} Kf6 {[%clk
00:42:01]} {[%emt 00:00:13]} 32. Kg1 {[%clk 00:17:13]} {[%emt 00:00:25]} Re7
{[%clk 00:42:07]} {[%emt 00:00:07]} 33. Kf2 {[%clk 00:16:24]} {[%emt 00:00:57]}
Rxe3 {[%clk 00:42:00]} {[%emt 00:00:18]} 34. Kxe3 {[%clk 00:16:29]} {[%emt
00:00:06]} Ke5 {[%clk 00:41:51]} {[%emt 00:00:19]} 35. Kd3 {[%clk 00:16:13]}
{[%emt 00:00:17]} Kd5 {[%clk 00:40:52]} {[%emt 00:01:18]} 36. h4 {[%clk
00:14:58]} {[%emt 00:01:24]} Kc5 {[%clk 00:40:27]} {[%emt 00:00:36]} 37. Kc3
{[%clk 00:14:20]} {[%emt 00:00:46]} h6 {[%clk 00:40:16]} {[%emt 00:00:22]} 38.
Kd3 {[%clk 00:12:56]} {[%emt 00:01:31]} Kb4 {[%clk 00:40:06]} {[%emt 00:00:24]}
39. Kc2 {[%clk 00:13:03]} {[%emt 00:00:03]} g5 {[%clk 00:39:15]} {[%emt
00:01:01]} 40. hxg5 {[%clk 00:13:00]} {[%emt 00:00:13]} hxg5 {[%clk 00:39:15]}
{[%emt 00:00:10]} 41. g4 {[%clk 00:13:09]} {[%emt 00:00:01]} Kc5 {[%clk
00:38:57]} {[%emt 00:00:28]} 42. Kc3 {[%clk 00:12:47]} {[%emt 00:00:31]} Kb5
{[%clk 00:38:58]} {[%emt 00:00:10]} 1/2-1/2

[Event "English Schools Championship Final 2024"]
[Site "Nottingham University Kings Meadow Campus, United Kingdom"]
[Date "2024.06.28"]
[Round "4.70"]
[White "Mupfiga, Thabiso"]
[Black "Ahern, Paddy"]
[Result "0-1"]
[TimeControl "G50' + 10\" per move."]
[WhiteElo "1455"]
[BlackElo "1283"]

1. d4 {[%clk 00:49:57]} {[%emt 00:00:22]} d5 {[%clk 00:50:18]} {[%emt
00:00:02]} 2. Bf4 {[%clk 00:50:06]} {[%emt 00:00:02]} Nc6 {[%clk 00:50:14]}
{[%emt 00:00:13]} 3. Nf3 {[%clk 00:50:15]} Nf6 {[%clk 00:50:05]} {[%emt
00:00:19]} 4. e3 {[%clk 00:50:05]} {[%emt 00:00:21]} e6 {[%clk 00:50:02]}
{[%emt 00:00:11]} 5. h3 {[%clk 00:49:55]} {[%emt 00:00:22]} Bd6 {[%clk
00:49:55]} {[%emt 00:00:17]} 6. Bxd6 {[%clk 00:49:49]} {[%emt 00:00:16]} cxd6
{[%clk 00:49:55]} {[%emt 00:00:08]} 7. Bd3 {[%clk 00:49:38]} {[%emt 00:00:23]}
e5 {[%clk 00:47:06]} {[%emt 00:02:59]} 8. dxe5 {[%clk 00:49:39]} {[%emt
00:00:09]} dxe5 {[%clk 00:47:11]} {[%emt 00:00:03]} 9. Be2 {[%clk 00:48:14]}
{[%emt 00:01:36]} e4 {[%clk 00:46:05]} {[%emt 00:01:16]} 10. Nd4 {[%clk
00:48:11]} {[%emt 00:00:14]} Nxd4 {[%clk 00:44:50]} {[%emt 00:01:23]} 11. Qxd4
{[%clk 00:48:07]} {[%emt 00:00:16]} O-O {[%clk 00:43:15]} {[%emt 00:01:41]} 12.
Nd2 {[%clk 00:47:21]} {[%emt 00:01:00]} Qb6 {[%clk 00:40:12]} {[%emt 00:03:12]}
13. Qxb6 {[%emt 00:01:40]} axb6 {[%clk 00:40:09]} {[%emt 00:00:07]} 14. a4
{[%clk 00:45:51]} {[%emt 00:00:17]} Bd7 {[%clk 00:39:30]} {[%emt 00:00:49]} 15.
b3 {[%clk 00:45:12]} {[%emt 00:00:49]} b5 {[%clk 00:36:49]} {[%emt 00:02:51]}
16. a5 {[%clk 00:44:48]} {[%emt 00:00:34]} Rfd8 {[%clk 00:31:55]} {[%emt
00:05:04]} 17. O-O {[%clk 00:44:10]} {[%emt 00:00:48]} Bc6 {[%clk 00:30:44]}
{[%emt 00:01:20]} 18. c3 {[%clk 00:43:30]} {[%emt 00:00:51]} Ne8 {[%clk
00:28:56]} {[%emt 00:01:57]} 19. b4 {[%clk 00:41:37]} {[%emt 00:02:04]} Nc7
{[%clk 00:27:25]} {[%emt 00:01:41]} 20. Nb3 {[%clk 00:41:16]} {[%emt 00:00:31]}
Ne6 {[%clk 00:26:27]} {[%emt 00:01:07]} 21. Nd4 {[%clk 00:38:24]} {[%emt
00:03:02]} Nxd4 {[%clk 00:25:12]} {[%emt 00:01:26]} 22. exd4 {[%clk 00:38:28]}
{[%emt 00:00:06]} f5 {[%emt 00:01:09]} 23. f4 {[%clk 00:37:48]} {[%emt
00:00:48]} h6 {[%clk 00:22:41]} {[%emt 00:01:44]} 24. Ra3 {[%clk 00:35:25]}
{[%emt 00:02:32]} b6 {[%clk 00:21:22]} {[%emt 00:01:29]} 25. Rfa1 {[%clk
00:34:42]} {[%emt 00:00:53]} Rdb8 {[%clk 00:19:29]} {[%emt 00:02:03]} 26. a6
{[%clk 00:30:41]} {[%emt 00:04:11]} g5 {[%clk 00:17:56]} {[%emt 00:01:43]} 27.
fxg5 {[%clk 00:27:25]} {[%emt 00:03:27]} hxg5 {[%clk 00:18:03]} {[%emt
00:00:03]} 28. Rf1 {[%clk 00:24:27]} {[%emt 00:03:08]} Rf8 {[%clk 00:16:44]}
{[%emt 00:01:29]} 29. a7 {[%clk 00:23:26]} {[%emt 00:01:11]} f4 {[%clk
00:15:18]} {[%emt 00:01:36]} 30. Ra6 {[%clk 00:22:22]} {[%emt 00:01:14]} Rf7
{[%clk 00:14:21]} {[%emt 00:01:08]} 31. Rxb6 {[%clk 00:22:00]} {[%emt
00:00:31]} Be8 {[%clk 00:14:28]} {[%emt 00:00:03]} 32. Bxb5 {[%clk 00:21:34]}
{[%emt 00:00:35]} Bxb5 {[%clk 00:14:22]} {[%emt 00:00:16]} 33. Rxb5 {[%clk
00:21:39]} {[%emt 00:00:05]} Raxa7 {[%clk 00:13:41]} {[%emt 00:00:52]} 34. Rxd5
{[%clk 00:20:27]} {[%emt 00:01:22]} Rg7 {[%clk 00:13:11]} {[%emt 00:00:39]} 35.
Ra5 {[%clk 00:20:11]} {[%emt 00:00:27]} Rac7 {[%clk 00:12:58]} {[%emt
00:00:23]} 36. Rc1 {[%clk 00:19:17]} {[%emt 00:01:04]} g4 {[%clk 00:12:17]}
{[%emt 00:00:51]} 37. hxg4 {[%clk 00:18:02]} {[%emt 00:01:26]} Rxg4 {[%clk
00:12:14]} {[%emt 00:00:12]} 38. Ra8+ {[%clk 00:16:37]} {[%emt 00:01:35]} Kf7
{[%clk 00:11:34]} {[%emt 00:00:50]} 39. Kf2 {[%clk 00:15:39]} {[%emt 00:01:09]}
Re7 {[%clk 00:10:01]} {[%emt 00:01:42]} 40. Ra5 {[%clk 00:13:44]} {[%emt
00:02:03]} Kf6 {[%clk 00:09:22]} {[%emt 00:00:51]} 41. c4 {[%clk 00:13:29]}
{[%emt 00:00:26]} Rd7 {[%clk 00:08:36]} {[%emt 00:00:55]} 42. d5 {[%clk
00:13:16]} {[%emt 00:00:22]} Ke5 {[%clk 00:08:15]} {[%emt 00:00:32]} 43. b5
{[%clk 00:12:36]} {[%emt 00:00:51]} e3+ {[%clk 00:07:52]} {[%emt 00:00:33]} 44.
Kf1 {[%clk 00:09:58]} {[%emt 00:02:47]} Ke4 {[%emt 00:00:20]} 45. b6 {[%clk
00:09:01]} {[%emt 00:01:06]} f3 {[%clk 00:07:43]} {[%emt 00:00:11]} 46. gxf3+
{[%clk 00:08:09]} {[%emt 00:01:01]} Kxf3 {[%clk 00:07:49]} {[%emt 00:00:03]} 47.
Rc2 {[%clk 00:07:35]} {[%emt 00:00:45]} Re7 {[%clk 00:07:09]} {[%emt 00:00:50]}
48. Ra3 {[%clk 00:06:57]} {[%emt 00:00:48]} Ke4 {[%clk 00:06:59]} {[%emt
00:00:20]} 49. d6 {[%clk 00:05:47]} {[%emt 00:01:20]} Rf7+ {[%clk 00:07:01]}
{[%emt 00:00:08]} 50. Ke1 {[%clk 00:05:28]} {[%emt 00:00:28]} Rg1+ {[%clk
00:06:42]} {[%emt 00:00:30]} 51. Ke2 {[%clk 00:05:16]} {[%emt 00:00:23]} Rf2#
{[%clk 00:06:49]} {[%emt 00:00:02]} 0-1